[Event "play 4 fun"]
[Site "SchemingMind.com"]
[Date "2009.09.16"]
[Round "-"]
[White "jtrochez1"]
[Black "Phillip Beckett"]
[Result "1-0"]
[WhiteCountry "HON"]
[BlackCountry "ENG"]
[WhiteElo "1629"]
[WhiteRD "54"]
[BlackElo "1671"]
[BlackRD "61"]
[GameID "219719"]

1. e4 e5 2. Nf3 Nc6 3. d4 exd4 4. Nxd4 Bc5 5. c3 Qf6 6. Be3 Nxd4 7. Bxd4 Bxd4 8. Qxd4 Qxd4 9. cxd4 d6 10. Nc3 Ne7
11. Bc4 Nc6 12. Ne2 Bg4 13. f3 Bd7 14. a3 O-O 15. O-O Na5 16. Ba2 Bb5 17. Rfe1 Bc4 18. Nc1 Bxa2 19. Rxa2 Nc4 20. Re2 c6
21. Nd3 Rfe8 22. Kf2 Re7 23. b3 Rae8 24. bxc4
1-0

[Event "play 4 fun"]
[Site "SchemingMind.com"]
[Date "2009.09.15"]
[Round "-"]
[White "catfishcore"]
[Black "Phillip Beckett"]
[Result "0-1"]
[WhiteCountry "USA"]
[BlackCountry "ENG"]
[WhiteElo "1389"]
[WhiteRD "79"]
[BlackElo "1671"]
[BlackRD "61"]
[GameID "219720"]

1. d4 d5 2. Nf3 Nf6 3. Bf4 e6 4. a3 c5 5. b3 Nc6 6. h3 cxd4 7. Qd3 Bc5 8. Ne5 Nxe5 9. Bxe5 O-O 10. g3 Qa5+
11. Kd1 Bd7 12. Bg2 Bb5 13. Qf3 Ne4 14. c3 dxc3 15. Kc2 f6 16. Bxc3 Nxc3 17. Nxc3 Rac8 18. Rhb1 d4 19. a4 Bc6 20. Qd3 Bxg2
21. Qc4 Bd5 22. Nxd5 exd5 23. Qd3 Bb4+ 24. Kd1 Bc3 25. Ra2 Qb4 26. e4 dxe4 27. Qxe4 Rfe8 28. Qd5+ Kh8 29. Re2 Rxe2 30. Kxe2 Re8+
31. Kf3 Qe7 32. Kg2 Qe4+ 33. Qxe4 Rxe4 34. b4 Kg8 35. Rb3 Re2 36. b5 Rb2 37. Rxb2 Bxb2 38. Kf3 Kf7 39. Ke4 Ke6 40. g4 g6
41. f4 f5+ 42. gxf5+ gxf5+ 43. Kd3 Kd5 44. Kc2 Bc3 45. Kd3 b6 46. h4 h5 47. Ke2 Ke4 48. Kd1 Kxf4 49. Kc2 Ke3 50. Kb3 f4
51. Kc4 f3
0-1

[Event "play 4 fun"]
[Site "SchemingMind.com"]
[Date "2009.09.15"]
[Round "-"]
[White "mebalse"]
[Black "Phillip Beckett"]
[Result "1-0"]
[WhiteCountry "URU"]
[BlackCountry "ENG"]
[WhiteElo "1864"]
[WhiteRD "81"]
[BlackElo "1671"]
[BlackRD "61"]
[GameID "219721"]

1. d4 d5 2. Bf4 Nf6 3. e3 e6 4. a3 c5 5. Nf3 Nc6 6. Bb5 a6 7. Bxc6+ bxc6 8. dxc5 Bxc5 9. b4 Bd6 10. c4 O-O
11. c5 Bxf4 12. exf4 a5 13. Nc3 axb4 14. axb4 Ba6 15. Nd4 Bc4 16. Nxc6 Qc7 17. Ne5 Nd7 18. Nxd7 Qxd7 19. f3 Rxa1 20. Qxa1 Rb8
21. Kd2 Kf8 22. Rb1 Qd8 23. Rb2 Ra8 24. Qg1 Ra3 25. Qd4 Qa8 26. Kc2 Ra1 27. b5 Rf1 28. c6 Qa1 29. Rb1 Rxb1 30. Qc5+ Ke8
31. Nxb1 Qa2+ 32. Kc1 Qxg2 33. c7 Qf1+ 34. Kb2 Qe2+ 35. Ka3 Qa2+ 36. Kb4 Qxb1+ 37. Ka5 Qa2+ 38. Kb6
1-0

[Event "play 4 fun"]
[Site "SchemingMind.com"]
[Date "2009.09.15"]
[Round "-"]
[White "aston294"]
[Black "Phillip Beckett"]
[Result "0-1"]
[WhiteCountry "ENG"]
[BlackCountry "ENG"]
[WhiteElo "1001"]
[WhiteRD "83"]
[BlackElo "1671"]
[BlackRD "61"]
[GameID "219722"]

1. d4 d5 2. Nf3 Nf6 3. Nc3 e6 4. e4 dxe4 5. Ne5 Nbd7 6. Bb5 a6 7. Bc4 Nxe5 8. Qe2 Nxc4 9. Nxe4 Nxe4 10. Qxe4 Qd5
11. Qxd5 exd5 12. b3 Bb4+ 13. Ke2 Nd6 14. a3 Bc3 15. Rb1 Bf5 16. Bf4 O-O-O 17. g3 Rhe8+ 18. Kf3 Bxd4 19. Bxd6 Rxd6 20. g4 Be4+
21. Ke2 Bxh1+ 22. Kd3 Be4+ 23. Kxd4 Bxc2 24. Rc1 Bxb3 25. Rb1 Re4+ 26. Kd3 Bc4+ 27. Kc3 Rxg4 28. h3 Rf4
0-1

[Event "play 4 fun"]
[Site "SchemingMind.com"]
[Date "2009.09.15"]
[Round "-"]
[White "Time Sprout"]
[Black "Phillip Beckett"]
[Result "0-1"]
[WhiteCountry "GBR"]
[BlackCountry "ENG"]
[WhiteElo "1408"]
[WhiteRD "73"]
[BlackElo "1671"]
[BlackRD "61"]
[GameID "219723"]

1. Nf3 Nf6 2. g3 g6 3. Bg2 Bg7 4. d4 O-O 5. O-O d6 6. c4 Nbd7 7. d5 e5 8. Nc3 Ne8 9. Bg5 f6 10. Be3 f5
11. Ne1 Nef6 12. b3 Nh5 13. Qd2 f4 14. gxf4 Nxf4 15. Bxf4 exf4 16. Nf3 Ne5 17. e4 Nxf3+ 18. Bxf3 Bh3 19. Bg2 f3 20. Bxh3 Qh4
0-1

[Event "play 4 fun"]
[Site "SchemingMind.com"]
[Date "2009.09.15"]
[Round "-"]
[White "suckatchess"]
[Black "Phillip Beckett"]
[Result "0-1"]
[WhiteCountry "USA"]
[BlackCountry "ENG"]
[WhiteElo "1455"]
[WhiteRD "81"]
[BlackElo "1674"]
[BlackRD "64"]
[GameID "219724"]

1. e4 e5 2. Nf3 Nc6 3. d4 exd4 4. Nxd4 Bc5 5. c3 Qf6 6. Be3 Nge7 7. Bc4 O-O 8. O-O Nxd4 9. cxd4 Bb6 10. Nc3 Nc6
11. Nd5 Qg6 12. Nxb6 axb6 13. Qd3 Na5 14. Bf4 d6 15. d5 Bd7 16. Rfe1 Nxc4 17. Qxc4 c6 18. a4 c5 19. e5 dxe5 20. Bxe5 f6
21. d6+ Kh8 22. Bg3 Qf7 23. Qe4 Bc6 24. Qe3 Rfe8 25. Qc3 Rxe1+ 26. Rxe1 Re8 27. a5 Rxe1+ 28. Qxe1 Qe8 29. Qxe8+ Bxe8 30. axb6 Bc6
31. f3 Kg8 32. Kf2 Kf8 33. Ke3 Ke8 34. Kd3 Bb5+ 35. Kc3 Bf1 36. b4 cxb4+ 37. Kd4 Kd7
0-1

[Event "play 4 fun"]
[Site "SchemingMind.com"]
[Date "2009.09.15"]
[Round "-"]
[White "memet"]
[Black "Phillip Beckett"]
[Result "1-0"]
[WhiteCountry "TUR"]
[BlackCountry "ENG"]
[WhiteElo "1778"]
[WhiteRD "116"]
[BlackElo "1671"]
[BlackRD "61"]
[GameID "219725"]

1. e4 e5 2. Nf3 Nc6 3. Bb5 a6 4. Ba4 Nf6 5. O-O Be7 6. Re1 b5 7. Bb3 O-O 8. c3 d5 9. exd5 Nxd5 10. d3 Bg4
11. h3 Bxf3 12. Qxf3 Nf6 13. Qxc6 Qxd3 14. Qxc7 Bd6 15. Qc6 Rfc8 16. Qb7 Qg6 17. Be3 Nh5 18. Qf3 Nf4 19. Nd2 Nd3 20. Re2 Nf4
21. Bxf4 exf4 22. Rd1 Bc5 23. Qxf4 Rd8 24. Ne4 Rxd1+ 25. Bxd1 Rd8 26. Nxc5 Rxd1+ 27. Kh2 h5 28. Re8+ Kh7 29. Qe4 f5 30. Qe6 Rd2
31. Qxg6+ Kxg6 32. Ra8 Rxf2 33. Rxa6+ Kh7 34. b4 Rc2 35. Ra3 f4 36. Kg1 Rc1+ 37. Kf2 Rc2+ 38. Kf3 g5 39. Ne6 Kg6 40. Nd4 Rd2
41. Nxb5 Rd3+ 42. Ke4 Rg3 43. Ra6+ Kg7 44. Kf5 Rxg2 45. Ra7+ Kf8 46. Nd6 f3 47. Kf6
1-0

[Event "play 4 fun"]
[Site "SchemingMind.com"]
[Date "2009.09.15"]
[Round "-"]
[White "Kuku"]
[Black "Phillip Beckett"]
[Result "1-0"]
[WhiteCountry "POL"]
[BlackCountry "ENG"]
[WhiteElo "1812"]
[WhiteRD "148"]
[BlackElo "1643"]
[BlackRD "65"]
[GameID "219726"]

1. d4 d5 2. c4 e6 3. Nc3 Nf6 4. Bg5 Be7 5. Nf3 h6 6. Bh4 O-O 7. e3 Ne4 8. Bxe7 Qxe7 9. Rc1 Nxc3 10. Rxc3 c6
11. Bd3 dxc4 12. Bxc4 Nd7 13. O-O e5 14. Re1 exd4 15. exd4 Qd6 16. Rce3 Nf6 17. Re7 Be6 18. R7xe6 fxe6 19. Rxe6 Qb4 20. b3 Kh8
21. Ne5 Rfe8 22. Rxe8+ Rxe8 23. Nf7+ Kh7 24. Qb1+ g6 25. Ne5 Rxe5 26. dxe5 Nd5 27. Bxd5 cxd5 28. g3 Qe4 29. Qxe4 dxe4 30. Kf1 Kg7
31. Ke2 Kf7 32. Ke3 Ke6 33. Kxe4 g5 34. f4
1-0

[Event "play 4 fun"]
[Site "SchemingMind.com"]
[Date "2009.09.16"]
[Round "-"]
[White "Jonno"]
[Black "jtrochez1"]
[Result "0-1"]
[WhiteCountry "ENG"]
[BlackCountry "HON"]
[WhiteElo "1450"]
[WhiteRD "90"]
[BlackElo "1538"]
[BlackRD "49"]
[GameID "219739"]

1. e4 e5 2. Nf3 d6 3. d3 Be7 4. Nc3 c6 5. Bg5 Bxg5 6. Nxg5 Qxg5 7. Qd2 Qxd2+ 8. Kxd2 Be6 9. Re1 Nd7 10. f3 Ngf6
11. g4 O-O-O 12. h4 Ne8 13. g5 g6 14. Bh3 Bxh3 15. Rxh3 Ng7 16. Rf1 Nh5 17. Ne2 Rdf8 18. f4 exf4 19. Nxf4 Nxf4 20. Rxf4 Kd8
21. c4 b6 22. a4 a5 23. b3 c5 24. h5 Ke7 25. Kc3 Ne5 26. Rfh4 Rfg8 27. hxg6 fxg6 28. Rxh7+ Rxh7 29. Rxh7+ Nf7 30. d4 Kf8
31. Kd3 Rg7 32. Rxg7 Kxg7 33. dxc5 bxc5 34. e5 Nxe5+ 35. Ke4 Kf7 36. Kd5 Ke7 37. Ke4 Ke6 38. Kf4 Nd3+ 39. Ke3 Nc1 40. Kd2 Nxb3+
41. Kc3 Nd4 42. Kb2 Nf3
0-1

[Event "play 4 fun"]
[Site "SchemingMind.com"]
[Date "2009.09.15"]
[Round "-"]
[White "Jonno"]
[Black "catfishcore"]
[Result "0-1"]
[WhiteCountry "ENG"]
[BlackCountry "USA"]
[WhiteElo "1324"]
[WhiteRD "130"]
[BlackElo "1389"]
[BlackRD "79"]
[GameID "219740"]

1. d4 d5 2. Nc3 h6 3. Nf3 Nf6 4. e3 a6 5. Bd3 Nbd7 6. O-O e6 7. e4 g5 8. e5 Ne4 9. Nxe4 dxe4 10. Bxe4 g4
11. Ne1 h5 12. f3 Rg8 13. f4 Nb6 14. b3 Qh4 15. g3 Qe7 16. a4 h4 17. Ba3 Qd8 18. Nd3 hxg3 19. hxg3 Bxa3 20. Rxa3 f6
21. Nf2 f5 22. Bd3 Nd5 23. Qd2 Qe7 24. Raa1 Rh8 25. Rae1 Qh7 26. Nh1 Qxh1+ 27. Kf2 Qh2#
0-1

[Event "play 4 fun"]
[Site "SchemingMind.com"]
[Date "2009.09.16"]
[Round "-"]
[White "Jonno"]
[Black "mebalse"]
[Result "0-1"]
[WhiteCountry "ENG"]
[BlackCountry "URU"]
[WhiteElo "1324"]
[WhiteRD "130"]
[BlackElo "1864"]
[BlackRD "81"]
[GameID "219741"]

1. e4 e5 2. Nf3 Nc6 3. d3 b6 4. Bg5 f6 5. Bh4 g5 6. Bg3 h5 7. h3 h4 8. Bh2 d5 9. Nc3 d4 10. Nd5 Be6
11. c3 Bxd5 12. exd5 Qxd5 13. c4 Qa5+ 14. Qd2 Bb4 15. Be2 Bxd2+ 16. Nxd2 Nge7 17. Rd1 Qxa2
0-1

[Event "play 4 fun"]
[Site "SchemingMind.com"]
[Date "2009.09.14"]
[Round "-"]
[White "Jonno"]
[Black "aston294"]
[Result "1-0"]
[WhiteCountry "ENG"]
[BlackCountry "ENG"]
[WhiteElo "1324"]
[WhiteRD "130"]
[BlackElo "1001"]
[BlackRD "83"]
[GameID "219742"]

1. e4 e5 2. Nf3 Nf6 3. Nc3 Nc6 4. Bd3 Ng4 5. Ng5 Nd4 6. Bc4 d6 7. O-O Qxg5 8. d3 Qh4 9. h3 Nf6 10. Re1 c5
11. Bb5+ Nxb5 12. a4 Nd4 13. Nb5 Nxb5 14. axb5 a6 15. c3 axb5 16. Rxa8 d5 17. Rxc8+ Ke7 18. Rxc5 Nd7 19. Rxb5 f6 20. Rxb7 g5
21. Qa4 dxe4 22. Qxd7#
1-0

[Event "play 4 fun"]
[Site "SchemingMind.com"]
[Date "2009.09.15"]
[Round "-"]
[White "Jonno"]
[Black "Phillip Beckett"]
[Result "0-1"]
[WhiteCountry "ENG"]
[BlackCountry "ENG"]
[WhiteElo "1324"]
[WhiteRD "130"]
[BlackElo "1671"]
[BlackRD "61"]
[GameID "219743"]

1. d4 d5 2. Nc3 Nf6 3. e3 e6 4. Nf3 Be7 5. Bb5+ c6 6. Ba4 O-O 7. O-O a5 8. Qd3 b5 9. Bb3 a4 10. Bxd5 exd5
11. b3 axb3 12. cxb3 Bb4 13. a3 Ba5 14. b4 Bxb4 15. Nb1 Bd6 16. Ng5 h6 17. Nf3 Ne4 18. Nc3 Bf5 19. Nh4 Qxh4 20. f3 Qxh2#
0-1

[Event "play 4 fun"]
[Site "SchemingMind.com"]
[Date "2009.09.15"]
[Round "-"]
[White "Jonno"]
[Black "Time Sprout"]
[Result "0-1"]
[WhiteCountry "ENG"]
[BlackCountry "GBR"]
[WhiteElo "1193"]
[WhiteRD "70"]
[BlackElo "1448"]
[BlackRD "77"]
[GameID "219744"]

1. e4 e5 2. Nf3 d6 3. d3 Nf6 4. Nc3 c5 5. Bg5 Be7 6. Be2 h6 7. Bh4 g5 8. Bg3 Ng4 9. Nd2 h5 10. h3 Nf6
11. Nf3 Bd7 12. Qd2 Ng8 13. O-O-O h4 14. Bh2 Be6 15. g3 Bxh3 16. Ng1 Bg2 17. Nf3 Bxh1 18. Rxh1 Nc6 19. Ne1 Nd4 20. Bg4 Qa5
21. f4 Nf6 22. Bf3 Bd8 23. fxg5 Nxf3 24. Nxf3 Ng4 25. gxh4 b5 26. Qg2 b4 27. Qxg4 bxc3 28. bxc3 Qxc3 29. Ne1 Rb8 30. Kd1 Rb1+
31. Ke2 Qa1 32. g6 Rxe1+ 33. Rxe1 Qxa2 34. gxf7+ Kf8 35. Kd2 Ba5+ 36. Ke2 Bxe1 37. Qf3 Qxc2+ 38. Kxe1 Qxh2
0-1

[Event "play 4 fun"]
[Site "SchemingMind.com"]
[Date "2009.09.14"]
[Round "-"]
[White "Jonno"]
[Black "suckatchess"]
[Result "1-0"]
[WhiteCountry "ENG"]
[BlackCountry "USA"]
[WhiteElo "1450"]
[WhiteRD "90"]
[BlackElo "1406"]
[BlackRD "84"]
[GameID "219745"]

1. d4 Nf6 2. Nc3 d5 3. e3 e6 4. Bb5+ Bd7 5. Nf3 Bb4 6. Bd2 Bxc3 7. Bxc3 Bxb5 8. a4 Bc6 9. O-O Nbd7 10. Re1 O-O
11. Bb4 Re8 12. b3 e5 13. c3 exd4 14. cxd4 Nb6 15. Qd3 Bd7 16. Ne5 Ne4 17. f3 Bh3 18. Re2 Qg5 19. g4 f6 20. fxe4 fxe5
21. Rf2 Qxg4+ 22. Kh1 Rf8 23. Bxf8 Rxf8 24. Rg1 Rxf2 25. Rxg4 Rf1+ 26. Rg1 Rf2 27. Re1 Bg2+ 28. Kg1 Bxe4 29. Qb5 c6 30. Qc5 Rg2+
31. Kf1 Rxh2 32. Kg1 Rg2+ 33. Kf1 Nd7 34. Qe7 Nf6 35. Re2 Rg3 36. Rf2 Bd3+ 37. Ke1
1-0

[Event "play 4 fun"]
[Site "SchemingMind.com"]
[Date "2009.09.15"]
[Round "-"]
[White "Jonno"]
[Black "memet"]
[Result "0-1"]
[WhiteCountry "ENG"]
[BlackCountry "TUR"]
[WhiteElo "1324"]
[WhiteRD "130"]
[BlackElo "1778"]
[BlackRD "116"]
[GameID "219746"]

1. e4 e5 2. Nf3 Nc6 3. Nc3 Nf6 4. Bd3 Bb4 5. Ng5 Bxc3 6. bxc3 h6 7. Nf3 d5 8. Qe2 Bg4 9. h3 Bh5 10. O-O O-O
11. Ba3 Re8 12. c4 Nd4 13. Rfe1 Nxf3+ 14. gxf3 d4 15. c3 Nh7 16. Kh2 Qh4 17. c5 Ng5 18. Qf1 Qf4+ 19. Kg1 Nxf3+ 20. Kg2 Qh2#
0-1

[Event "play 4 fun"]
[Site "SchemingMind.com"]
[Date "2009.09.14"]
[Round "-"]
[White "Jonno"]
[Black "Kuku"]
[Result "0-1"]
[WhiteCountry "ENG"]
[BlackCountry "POL"]
[WhiteElo "1324"]
[WhiteRD "130"]
[BlackElo "1832"]
[BlackRD "115"]
[GameID "219747"]

1. d4 f5 2. e3 Nf6 3. Nf3 e6 4. Bd3 Be7 5. O-O O-O 6. Nc3 Nc6 7. Re1 b6 8. e4 fxe4 9. Bxe4 Nxe4 10. Rxe4 d5
11. Re2 Bb4 12. Qd3 a5 13. Ng5 Rf5 14. Nd1 Rxg5 15. Bxg5 Qxg5 16. Re3 Ba6 17. Qb3 Nxd4 18. Rg3 Nxb3 19. Rxg5 Nxa1 20. Ne3 Bc5
21. Ng4 Nxc2 22. Nf6+ Kf7 23. Nxh7 Rh8 24. Rh5 Kg6
0-1

[Event "play 4 fun"]
[Site "SchemingMind.com"]
[Date "2009.09.17"]
[Round "-"]
[White "jtrochez1"]
[Black "Jonno"]
[Result "0-1"]
[WhiteCountry "HON"]
[BlackCountry "ENG"]
[WhiteElo "1538"]
[WhiteRD "49"]
[BlackElo "1450"]
[BlackRD "90"]
[GameID "219748"]

1. e4 e5 2. Nf3 Nc6 3. Bc4 Nf6 4. Ng5 d5 5. exd5 Nxd5 6. d3 Be7 7. Nf3 O-O 8. O-O Bg4 9. c3 Bc5 10. b4 Bb6
11. Bb3 Qd6 12. Bb2 Nce7 13. a3 c6 14. Nbd2 Qg6 15. Bc2 Bh3 16. g3 Bxf1 17. Qxf1 f6 18. Nc4 Bc7 19. Nh4 Qg4 20. Bd1 Qe6
21. Ne3 f5 22. Bb3 f4 23. Neg2 e4 24. Re1 fxg3 25. f3 Qh3 26. hxg3 Bxg3 27. Qf2 Bxf2+ 28. Kxf2 Nf5 29. dxe4 Nxh4 30. Nxh4 Qxh4+
31. Ke2 Rf4 32. Bxd5+ cxd5 33. Bc1 Rf6 34. Rg1 Qh2+
0-1

[Event "play 4 fun"]
[Site "SchemingMind.com"]
[Date "2009.09.15"]
[Round "-"]
[White "catfishcore"]
[Black "Jonno"]
[Result "0-1"]
[WhiteCountry "USA"]
[BlackCountry "ENG"]
[WhiteElo "1389"]
[WhiteRD "79"]
[BlackElo "1324"]
[BlackRD "130"]
[GameID "219749"]

1. d4 d5 2. Nf3 Nc6 3. e3 Nf6 4. h3 e6 5. Bb5 a6 6. Bd3 Bb4+ 7. c3 Ba5 8. O-O O-O 9. Qc2 Re8 10. Nh2 e5
11. dxe5 Nxe5 12. Be2 Ne4 13. Nd2 Bf5 14. Bd3 Ng6 15. Nb3 b6 16. Nd4 Bd7 17. b4 Qg5 18. Ndf3 Qh5 19. bxa5 bxa5 20. Be2 Re6
21. Nd4 Qg5 22. Nxe6 Bxe6 23. Nf3 Qf6 24. Bb2 Nh4 25. Nxh4 Qg5 26. Bg4 Bxg4 27. hxg4 Qxh4 28. c4 Nf6 29. f3 h6 30. Bxf6 gxf6
31. cxd5 Re8 32. Qc3 Re5 33. e4 h5 34. Qxc7 hxg4 35. Rab1 g3 36. Qc8+ Kg7 37. Qg4+ Qxg4 38. Rfd1 Qh4 39. Kf1 Qh1+ 40. Ke2 Qxg2+
41. Kd3 Qxf3+ 42. Kc2 Qxe4+ 43. Rd3 Rxd5 44. Rd1 g2
0-1

[Event "play 4 fun"]
[Site "SchemingMind.com"]
[Date "2009.09.17"]
[Round "-"]
[White "mebalse"]
[Black "Jonno"]
[Result "1-0"]
[WhiteCountry "URU"]
[BlackCountry "ENG"]
[WhiteElo "1916"]
[WhiteRD "80"]
[BlackElo "1379"]
[BlackRD "99"]
[GameID "219750"]

1. c4 e5 2. Nc3 d6 3. e3 Nc6 4. d4 Nf6 5. d5 Nb4 6. Qa4+ Bd7 7. Qxb4 b6 8. Bd3 a5 9. Qb3 Be7 10. a4 O-O
11. Qc2 Ng4 12. Bxh7+ Kh8 13. h3 Nf6 14. Bd3 g6 15. Ne4 c6 16. g4 Nh7 17. Bd2 Bh4 18. Nf3 c5 19. Nxd6 Qf6 20. Nxh4 Qxh4
21. Bc3 f5 22. Bxe5+ Kg8 23. gxf5 g5 24. O-O-O Nf6 25. Rdg1 Kh7 26. Rg3 Qh6 27. Rhg1 g4 28. Qc3 b5 29. axb5 Bc8 30. Rxg4 Nxg4
31. f6+ Kg8 32. Nxc8 Rfxc8 33. Rxg4+ Kf7 34. Rg7+ Ke8 35. Bg6+ Kf8 36. Bd6#
1-0

[Event "play 4 fun"]
[Site "SchemingMind.com"]
[Date "2009.09.14"]
[Round "-"]
[White "aston294"]
[Black "Jonno"]
[Result "0-1"]
[WhiteCountry "ENG"]
[BlackCountry "ENG"]
[WhiteElo "1001"]
[WhiteRD "83"]
[BlackElo "1324"]
[BlackRD "130"]
[GameID "219751"]

1. d4 d5 2. Nc3 Nf6 3. Nf3 Nc6 4. e4 dxe4 5. Ne5 e6 6. Bg5 Bb4 7. a3 Ba5 8. b4 Bb6 9. b5 Nxd4 10. f3 e3
11. Bc4 O-O 12. Qe2 Nxe2 13. h4 Qd2+ 14. Kf1 Ng3+ 15. Kg1 Qxc3 16. Rh3 Qxa1+ 17. Kh2 Qxe5 18. f4 Qd4 19. Kxg3 e2 20. Rh1 Qc3+
21. Kh2 Ng4#
0-1

[Event "play 4 fun"]
[Site "SchemingMind.com"]
[Date "2009.09.15"]
[Round "-"]
[White "Phillip Beckett"]
[Black "Jonno"]
[Result "1-0"]
[WhiteCountry "ENG"]
[BlackCountry "ENG"]
[WhiteElo "1671"]
[WhiteRD "61"]
[BlackElo "1324"]
[BlackRD "130"]
[GameID "219752"]

1. e4 e5 2. Nf3 d6 3. d4 Nc6 4. dxe5 dxe5 5. Qxd8+ Nxd8 6. Nxe5 f6 7. Nf3 Bb4+ 8. c3 Ba5 9. Be3 Ne7 10. Bb5+ Bd7
11. Bxd7+ Kxd7 12. Nbd2 Ne6 13. O-O-O g6 14. Nc4+ Ke8 15. Nxa5 b6 16. Nb3 Kf7 17. Nfd4 Ng5 18. f3 c5 19. Ne2 Rad8 20. Rxd8 Rxd8
21. Rd1 Rxd1+ 22. Kxd1 h6 23. Nd2 a5 24. Bxg5 hxg5 25. Nc4 Nc8 26. Ng3
1-0

[Event "play 4 fun"]
[Site "SchemingMind.com"]
[Date "2009.09.15"]
[Round "-"]
[White "Time Sprout"]
[Black "Jonno"]
[Result "1-0"]
[WhiteCountry "GBR"]
[BlackCountry "ENG"]
[WhiteElo "1448"]
[WhiteRD "77"]
[BlackElo "1193"]
[BlackRD "70"]
[GameID "219753"]

1. e4 e5 2. d3 Nf6 3. Nf3 Nc6 4. g3 Bc5 5. Bg2 O-O 6. O-O Re8 7. c4 d6 8. Nc3 Ng4 9. Nd5 Nd4 10. Be3 c6
11. Nc3 a6 12. Re1 b5 13. a3 b4 14. Ne2 b3 15. Nc1 Nc2 16. Nxb3 Nxe1 17. Nxe1 Qf6 18. Nxc5 a5 19. Na4 Qg6 20. Nb6 Rb8
21. Nf3 Be6 22. Nh4 Qf6 23. Qa4 c5 24. Qxa5 Qd8 25. Qd2 Rxb6 26. Nf5 Qd7 27. Qa5 Reb8 28. Bf3 R6b7 29. Bxg4 Ra7 30. Qd2 Rab7
31. b4 g6 32. Nh6+ Kf8 33. Qd1 cxb4 34. axb4 Rxb4 35. Bxe6 Qxe6 36. Ng4 h5 37. Bh6+
1-0

[Event "play 4 fun"]
[Site "SchemingMind.com"]
[Date "2009.09.14"]
[Round "-"]
[White "suckatchess"]
[Black "Jonno"]
[Result "1-0"]
[WhiteCountry "USA"]
[BlackCountry "ENG"]
[WhiteElo "1521"]
[WhiteRD "87"]
[BlackElo "1324"]
[BlackRD "130"]
[GameID "219754"]

1. e4 e5 2. Nf3 Nc6 3. Bc4 f6 4. d4 d6 5. d5 Bg4 6. Nc3 Qd7 7. dxc6 Qxc6 8. Bd5 Qd7 9. Bxb7 Rb8 10. Bd5 Ne7
11. Qd3 c6 12. Bb3 Ng6 13. O-O Nf4 14. Bxf4 exf4 15. Rfe1 Be7 16. Qc4 Be6 17. Qxe6 Qxe6 18. Bxe6 Rxb2 19. Rab1 Rxc2 20. Rb8+ Bd8
21. Reb1 Ke7 22. Nd4 c5 23. R1b7+
1-0

[Event "play 4 fun"]
[Site "SchemingMind.com"]
[Date "2009.09.15"]
[Round "-"]
[White "memet"]
[Black "Jonno"]
[Result "1-0"]
[WhiteCountry "TUR"]
[BlackCountry "ENG"]
[WhiteElo "1808"]
[WhiteRD "167"]
[BlackElo "1338"]
[BlackRD "292"]
[GameID "219755"]

1. e4 e5 2. Nf3 Nc6 3. Bb5 a6 4. Ba4 b5 5. Bb3 Nf6 6. Ng5 d5 7. exd5 Nxd5 8. Nxf7 Kxf7 9. Qf3+ Ke6 10. Nc3 Nb4
11. a3 Nc6 12. Bxd5+ Ke7 13. Qf7+ Kd6 14. Ne4#
1-0

[Event "play 4 fun"]
[Site "SchemingMind.com"]
[Date "2009.09.14"]
[Round "-"]
[White "Kuku"]
[Black "Jonno"]
[Result "1-0"]
[WhiteCountry "POL"]
[BlackCountry "ENG"]
[WhiteElo "1832"]
[WhiteRD "115"]
[BlackElo "1324"]
[BlackRD "130"]
[GameID "219756"]

1. d4 d5 2. c4 Nf6 3. cxd5 Nxd5 4. e4 Nf6 5. Nc3 Bg4 6. Nf3 Nc6 7. d5 Ne5 8. Nxe5 Bxd1 9. Bb5+ Nd7 10. Bxd7+ Qxd7
11. Nxd7 Kxd7 12. Kxd1 e6 13. Bf4 Rd8 14. Ke2 Kc8 15. Rhd1 Bd6 16. Bxd6 Rxd6 17. Rac1 Rhd8 18. dxe6 fxe6 19. Rxd6 Rxd6 20. f4 g6
21. Rd1 Rb6 22. b3 Rc6 23. Rd3 h6 24. Kd2 g5 25. g3 g4 26. Nb5 b6 27. Nxa7+
1-0